000 00260nam a2200109Ia 4500
008 200302s9999 xx 000 0 und d
100 _aJulien De Smedt
245 _aPixl To XL-- 23
260 _bSuh Kyong Won Publishers,Korea
260 _c2007
300 _a253 P
999 _c4806
_d4806